000 00511nam a2200181Ia 4500
005 20250508162639.0
008 008 250505s9999 xx 000 0 eng d
037 _aTextual
040 _aFEDL
_beng
_cFEDL
041 _aeng
_2eng
084 _a294.3, PAT
_qFEDL
100 _aPathak Mandar Nath
245 0 _aHuman life and the teachings of Buddha
260 _aNew Delhi, India
_bAntique Publications
_c1988
300 _avi,215p.
942 _cTEXL
_h294.3, PAT
999 _c1377827
_d1377827